Detalles MARC
| 000 -CABECERA |
| Longitud fija campo de control |
01805nam a2200457 c 4500 |
| 001 - NÚMERO DE CONTROL |
| Número de control |
5631 |
| 003 - IDENTIFICADOR DE NÚMERO DE CONTROL |
| Identificador del número de control |
ES-MaCES |
| 005 - FECHA Y HORA DE LA ÚLTIMA TRANSACCIÓN |
| Fecha y hora de la última transacción |
20150923143805.0 |
| 008 - CAMPO FIJO DE DESCRIPCIÓN FIJA--INFORMACIÓN GENERAL |
| Códigos de información de longitud fija |
971003s1996 sp ||| | spa d |
| 017 ## - NÚMERO DE REGISTRO DE DERECHOS DE AUTOR Y DEPÓSITO LEGAL |
| Número de copyright o de depósito legal |
M-33742-1996 |
| Agencia que asigna el número |
DL |
| 020 ## - ISBN (INTERNATIONAL STANDARD BOOK NUMBER) |
| Número Internacional Normalizado para Libros (ISBN) |
8477232563 |
| 020 ## - ISBN (INTERNATIONAL STANDARD BOOK NUMBER) |
| Número Internacional Normalizado para Libros (ISBN) |
8477232571 |
| 020 ## - ISBN (INTERNATIONAL STANDARD BOOK NUMBER) |
| Número Internacional Normalizado para Libros (ISBN) |
847723258X |
| 035 ## - NÚMERO DE CONTROL DEL SISTEMA |
| Número de control del sistema |
CES19980056753m |
| 040 ## - FUENTE DE CATALOGACIÓN |
| Centro catalogador de origen |
ES-MaCES |
| Lengua de catalogación |
spa |
| Centro transcriptor |
ES-MaCES |
| 111 2# - ENCABEZAMIENTO PRINCIPAL--NOMBRE DE REUNIÓN |
| Nombre de congreso o jurisdicción como elemento de entrada |
Jornadas Españolas de Documentación Automatizada |
| Número del congreso o número de parte o sección de la obra |
5ª |
| Fecha del congreso |
1996 |
| Sede del congreso |
Cáceres |
| 9 (RLIN) |
226 |
| 245 10 - MENCIÓN DE TÍTULO |
| Título |
Sistemas de información |
| Resto del título |
: balance de 12 años de jornadas y perpectivas de futuro : Actas [de las] V Jornadas Españolas de Documentación Automatizada : Cáceres, 17, 18 y 19 de octubre de 1996 |
| Mención de responsabilidad, etc. |
[organizadas por] FESABID ; [con la especial colaboración de ABDAMEX] |
| 246 3# - FORMA VARIANTE DEL TÍTULO |
| Título propio ; Título en breve |
Documat 96 |
| 260 ## - PUBLICACIÓN, DISTRIBUCIÓN, ETC (PIE DE IMPRENTA) |
| Lugar de publicación, distribución, etc. |
Cáceres |
| Nombre del editor, distribuidor, etc. |
Universidad de Extremadura, Servicio de Publicaciones ; ABADMEX |
| Fecha de publicación, distribución, etc. |
D.L. 1996 |
| 300 ## - DESCRIPCIÓN FÍSICA |
| Extensión |
2 v. (1058 p.) |
| Dimensiones |
30 cm |
| 500 ## - NOTA GENERAL |
| Nota general |
En la cub.: Documat 96 |
| 500 ## - NOTA GENERAL |
| Nota general |
Indices |
| 541 ## - NOTA DE LA FUENTE INMEDIANTE DE ADQUISICIÓN |
| Forma de adquisición |
Compra |
| 650 #4 - ASIENTO SECUNDARIO DE MATERIA--TÉRMINO DE MATERIA |
| Término de materia o nombre geográfico como elemento inicial |
sistema de información |
| 9 (RLIN) |
28920 |
| 650 #4 - ASIENTO SECUNDARIO DE MATERIA--TÉRMINO DE MATERIA |
| Término de materia o nombre geográfico como elemento inicial |
servicio de información |
| 9 (RLIN) |
28925 |
| 650 #4 - ASIENTO SECUNDARIO DE MATERIA--TÉRMINO DE MATERIA |
| Término de materia o nombre geográfico como elemento inicial |
tecnología de la información |
| 9 (RLIN) |
30104 |
| 650 #4 - ASIENTO SECUNDARIO DE MATERIA--TÉRMINO DE MATERIA |
| Término de materia o nombre geográfico como elemento inicial |
automatización de bibliotecas |
| 9 (RLIN) |
29443 |
| 650 #4 - ASIENTO SECUNDARIO DE MATERIA--TÉRMINO DE MATERIA |
| Término de materia o nombre geográfico como elemento inicial |
política de información |
| 9 (RLIN) |
29434 |
| 650 #4 - ASIENTO SECUNDARIO DE MATERIA--TÉRMINO DE MATERIA |
| Término de materia o nombre geográfico como elemento inicial |
documentación |
| 9 (RLIN) |
28908 |
| 650 #4 - ASIENTO SECUNDARIO DE MATERIA--TÉRMINO DE MATERIA |
| Término de materia o nombre geográfico como elemento inicial |
relación formación empleo |
| 9 (RLIN) |
29976 |
| 650 #4 - ASIENTO SECUNDARIO DE MATERIA--TÉRMINO DE MATERIA |
| Término de materia o nombre geográfico como elemento inicial |
organización profesional |
| 9 (RLIN) |
28372 |
| 650 #4 - ASIENTO SECUNDARIO DE MATERIA--TÉRMINO DE MATERIA |
| Término de materia o nombre geográfico como elemento inicial |
tendencia |
| 9 (RLIN) |
28907 |
| 653 10 - TÉRMINO DE INDEXACIÓN--NO CONTROLADO |
| Término no controlado |
Biblioteconomía |
| 650 #4 - ASIENTO SECUNDARIO DE MATERIA--TÉRMINO DE MATERIA |
| 9 (RLIN) |
28482 |
| Término de materia o nombre geográfico como elemento inicial |
documentalista |
| 710 2# - ENCABEZAMIENTO SECUNDARIO--NOMBRE CORPORATIVO |
| Nombre de entidad o nombre de jurisdicción como elemento inicial |
Asociación de Bibliotecarios, Archiveros, Documentalistas y Museólogos de Extremadura |
| Término indicativo de función |
col. y ed. |
| 9 (RLIN) |
1396 |
| 710 2# - ENCABEZAMIENTO SECUNDARIO--NOMBRE CORPORATIVO |
| Nombre de entidad o nombre de jurisdicción como elemento inicial |
Universidad de Extremadura |
| Término indicativo de función |
ed. |
| 9 (RLIN) |
5275 |
| 710 2# - ENCABEZAMIENTO SECUNDARIO--NOMBRE CORPORATIVO |
| Nombre de entidad o nombre de jurisdicción como elemento inicial |
FESABID |
| Término indicativo de función |
col. |
| 9 (RLIN) |
3593 |
| 902 ## - CES. TIPO DE DOCUMENTO |
| Tipodoc (006$c Sirtex) |
LIB Libro |
| 942 ## - ELEMENTOS KOHA |
| Fuente de clasificaión o esquema |
Clasificación propia del CES |
| Koha [por defecto] tipo de item |
Monografías |
| Parte de clasificación |
9.0. |